000 00408nam a2200169Ia 4500
008 230524s9999 xx 000 0 und d
020 _a9780074515754
082 _a621.382
_bDES
100 _aM.V.Deshpande
245 0 _aElectrical Power System Design
250 _a1ST
260 _aNEW DELHI
_bTMH
_c2006
300 _aXII;359
500 _aQuantity Number: 24
650 _aElectrical
942 _cBK
999 _c36309
_d36309